Fikri tangdasti aur nazriyati begangi ka mousam/ (Record no. 330662)

000 -LEADER
fixed length control field nam a22 7a 4500
003 - CONTROL NUMBER IDENTIFIER
control field NUST
005 - DATE AND TIME OF LATEST TRANSACTION
control field 20170727164316.0
008 - FIXED-LENGTH DATA ELEMENTS--GENERAL INFORMATION
fixed length control field 170727b xxu||||| |||| 00| 0 eng d
020 ## - INTERNATIONAL STANDARD BOOK NUMBER
International Standard Book Number 9694961432
040 ## - CATALOGING SOURCE
Transcribing agency NUST
082 ## - DEWEY DECIMAL CLASSIFICATION NUMBER
Classification number 320.9547
Author Mark MAL
100 ## - MAIN ENTRY--PERSONAL NAME
Personal name Malik, Fatih Muhammad
9 (RLIN) 3623
245 ## - TITLE STATEMENT
Title Fikri tangdasti aur nazriyati begangi ka mousam/
Statement of responsibility, etc. by Fatih Muhammad Malik
260 ## - PUBLICATION, DISTRIBUTION, ETC.
Place of publication, distribution, etc. Islamabad:
Name of publisher, distributor, etc. Dost publications,
Date of publication, distribution, etc. 2001
300 ## - PHYSICAL DESCRIPTION
Extent 236 p.
500 ## - GENERAL NOTE
General note Political Science
546 ## - LANGUAGE NOTE
Language note In Urdu
650 ## - SUBJECT ADDED ENTRY--TOPICAL TERM
Topical term or geographic name entry element Politics- Issues
9 (RLIN) 3624
880 ## - ALTERNATE GRAPHIC REPRESENTATION
Linkage 100-01\(3\r
Title فتح محمد ملک
880 ## - ALTERNATE GRAPHIC REPRESENTATION
Linkage 245-02\(3\r
Title فکری تنگدستی اور نظریاتی بیگانگی کا موسم
c فتح محمد ملک
880 ## - ALTERNATE GRAPHIC REPRESENTATION
Linkage 260-03\(3\r
Title اسلام آباد:
b دوست پبلی کیشنز،
c 2002
942 ## - ADDED ENTRY ELEMENTS (KOHA)
Source of classification or shelving scheme
Koha item type Book
Holdings
Withdrawn status Lost status Source of classification or shelving scheme Damaged status Not for loan Collection code Permanent Location Current Location Shelving location Date acquired Total Checkouts Full call number Barcode Date last seen Copy number Price effective from Koha item type
            Central Library (CL) Central Library (CL) Book Cart 07/27/2017   320.9547 MAL CL2525 02/24/2022 1 07/27/2017 Book
© 2023 Central Library, National University of Sciences and Technology. All Rights Reserved.